Toldot Yehude Maroḳo. (Record no. 31071)

MARC details
000 -LEADER
fixed length control field 00764cam a22002531 4500
001 - CONTROL NUMBER
control field he 65000599
003 - CONTROL NUMBER IDENTIFIER
control field DLC
005 - DATE AND TIME OF LATEST TRANSACTION
control field 20260227111430.0
008 - FIXED-LENGTH DATA ELEMENTS--GENERAL INFORMATION
fixed length control field 841015s1961 is abh b 000 0 heb
010 ## - LIBRARY OF CONGRESS CONTROL NUMBER
LC control number he 65000599
035 ## - SYSTEM CONTROL NUMBER
System control number (OCoLC)19208692
040 ## - CATALOGING SOURCE
Original cataloging agency DLC
Transcribing agency MH
Modifying agency CU
-- DLC
042 ## - AUTHENTICATION CODE
Authentication code premarc
043 ## - GEOGRAPHIC AREA CODE
Geographic area code f-mr---
050 00 - LIBRARY OF CONGRESS CALL NUMBER
Classification number DS135.M8
Item number S7 1962
110 1# - MAIN ENTRY--CORPORATE NAME
Corporate name or jurisdiction name as entry element Israel.
Subordinate unit Miśrad ha-ḥinukh ṿeha-tarbut.
245 10 - TITLE STATEMENT
Title Toldot Yehude Maroḳo.
260 ## - PUBLICATION, DISTRIBUTION, ETC.
Place of publication, distribution, etc. [Jerusalem] :
Name of publisher, distributor, etc. Miśrad ha-ḥinukh ṿeha-tarbut, ha-Maḥlaḳah le-tarbut toranit,
Date of publication, distribution, etc. [1961 or 1962]
300 ## - PHYSICAL DESCRIPTION
Extent 232 p. :
Other physical details ill., facsims., maps ;
Dimensions 21 cm.
500 ## - GENERAL NOTE
General note Cover title.
504 ## - BIBLIOGRAPHY, ETC. NOTE
Bibliography, etc. note Bibliography: p. 213-222.
650 #0 - SUBJECT ADDED ENTRY--TOPICAL TERM
Topical term or geographic name entry element Jews
Geographic subdivision Morocco.
752 ## - ADDED ENTRY--HIERARCHICAL PLACE NAME
Country or larger entity Israel
City Jerusalem

No items available.

Powered by Koha